Statistics for Most Guessed - Kanto Pokémon

Click here to take the quiz!

General Stats

  • This quiz has been taken 27 times
  • The average score is 17 of 18

Answer Stats

PercentagePokémon% Correct
93%Bulbasaur
100%
91%Charizard
100%
93%Charmander
100%
84%Mew
100%
80%Mewtwo
100%
94%Pikachu
100%
90%Squirtle
100%
84%Blastoise
96%
82%Ivysaur
96%
80%Wartortle
96%
84%Raichu
92%
86%Charmeleon
88%
73%Pidgeot
88%
73%Pidgey
88%
71%Venusaur
88%
75%Butterfree
83%
73%Caterpie
83%
71%Metapod
71%

Score Distribution

Percentile by Number Answered

Percent of People with Each Score

Your Score History

You have not taken this quiz